000 02194nam0a2200337 4500
001 RU\NLR\BIBL_A\012156874
005 20191217135641.0
010 _a978-5-6041782-4-9
_9100
021 _aRU
_bКН-П-19-082643
_9КН-П-19-6003
035 _a(NLR Aleph) 012156874
035 _a(RuMoRGB)010143221
090 _a12171280
_c12171280
100 _a20191206d2019 k y0rusy50 ca
101 0 _arus
102 _aRU
105 _aa|||j|||000zy
200 1 _aЛимфедема
_eучебное пособие
_e[для студентов медицинских высших учебных заведений, клинических ординаторов, хирургов, сосудистых хирургов и врачей общей практики]
_fГ. В. Яровенко, С. Е. Каторкин, П. Н. Мышенцев
_gМинистерство здравоохранения Российской Федерации, Федеральное государственное бюджетное образовательное учреждение высшего образования "Самарский государственный медицинский университет" Министерства здравоохранения Российской Федерации
210 _aСамара
_cНикифоров М.В.
_d2019
215 _a128 с.
_cил., табл., цв. ил.
_d21
300 _aНа 4-й с. обл. авт.: Яровенко Г.В. - д.м.н., доц., Каторкин С.Е. - к.м.н., доц., Мышенцев П.В. - к.м.н., доц.
320 _aБиблиогр.: с. 123-128 (79 назв.)
606 1 _aЛимфедема нижних конечностей
_jУчебные издания
_91485949
_3RU\NLR\AUTH\66635889
686 1 _aР457.860.44я7
700 1 _aЯровенко
_bГ. В.
_gГалина Викторовна
701 1 _aКаторкин
_bС. Е.
_gСергей Евгеньевич
701 1 _aМышенцев
_bП. Н.
_gПавел Николаевич
942 _cBOOK
980 _aNBR
980 _aNB